000 00623nam a2200193 a 4500
001 BRCA_1261
005 20190320203342.0
008 071105s1982----sp-a---###---#000-0#spa-d
020 _a8437603730
050 4 _aNK999
_b.H57 1982
245 1 0 _aHistoria de las artes aplicadas e industriales en España
_cAntonio Bonet Correa (coordinador).
260 _aMadrid
_bCátedra
_c1982
300 _a658 p.
_bil.
_c21 cm.
440 0 _aManuales de arte de cátedra
_94155
504 _aBibliografía : p. 639-658
650 1 4 _aArtes decorativas
_xHistoria
_zEspaña
_94156
700 1 _aBonet Correa, Antonio
_94157
942 _2lcc
_cB
999 _c1130
_d1130